000 00798nam a2200205 a 4500
003 0
005 20250502155500.0
008 021114s19uu xx 00 eng d
050 _aPGS LC 137.2
_b.Sch385 2002
100 _aSchuepp, Samantha Josephine R.
245 _aReasons why students enroll in a home study program /
_cSchuepp, Samantha Josephine R.
260 _aLas PiƱas City, Philippines :
_bSouthville International School and Colleges,
_c2002.
300 _a22 pages :
_billustrations ;
_c28 cm.
504 _aIncludes bibliographic references.
650 _aHome schooling
_vReasons for enrollment.
650 _aAlternative education
_vHome study programs.
650 _aEducation, Home-based.
650 _aStudents
_vMotivation
_vAlternative education.
942 _2lcc
_cPASS
999 _c96654
_d96654